| 000 | 01290cpcaa2200313 a 4500 | ||
|---|---|---|---|
| 001 | mm 79001900 | ||
| 003 | DLC | ||
| 005 | 20260227111639.0 | ||
| 008 | 800102|||||||||||| eng | ||
| 010 | _amm 79001900 | ||
| 040 |
_aDLC _edacs _cDLC _dDLC |
||
| 072 | 7 |
_aR _2lcmd |
|
| 100 | 1 |
_aTaylor, Henry C. _q(Henry Charles), _d1873-1969. |
|
| 245 | 0 | 0 |
_aEarly, Taylor, and Tarpley family genealogies, _f1938-1945. |
| 300 |
_a2 _fitems. |
||
| 506 | 0 | _aOpen to research. | |
| 520 | 8 | _aFamily genealogies, spanning 1664-1938, for the Early, Tarpley, and Taylor families, settlers of Virginia and Kentucky. Prepared by Henry C. Taylor and Laura Adaline Taylor Ruby. | |
| 533 |
_aIn part, typewritten transcripts. _b[S.l.]. |
||
| 546 | _aCollection material in English. | ||
| 580 | _aForms part of: Miscellaneous Manuscripts collection. | ||
| 600 | 3 | 0 | _aEarly family. |
| 600 | 3 | 0 | _aTarpley family. |
| 600 | 3 | 0 | _aTaylor family. |
| 651 | 0 |
_aKentucky _xGenealogy. |
|
| 651 | 0 |
_aVirginia _xGenealogy. |
|
| 700 | 1 |
_aRuby, Laura Adaline Taylor, _d1866- _tEarly, Taylor, and Tarpley family genealogies _f(1938-1945) |
|
| 999 |
_c41010 _d41010 |
||